| 000 | 00641nam a2200229Ia 4500 | ||
|---|---|---|---|
| 003 | IN-BaIIA | ||
| 008 | 211028s9999 xx 000 0 eng d | ||
| 020 | _a0-387-9550-X | ||
| 040 | _cIIA Library | ||
| 080 |
_a539.186 _bSMI |
||
| 100 |
_aSmirnov, B. M _914095 |
||
| 245 | 0 |
_aPhysics of atoms and ions _cB. M. Smirnov |
|
| 260 |
_aNew York _bSpringer-Verlag _c2003 |
||
| 300 | _axiii, 442p. | ||
| 490 | _aGraduate texts in contemporary physics | ||
| 650 |
_aAtomic collisions _91546 |
||
| 650 |
_aAtomic particles _927436 |
||
| 650 |
_aAtomic physics _91547 |
||
| 650 |
_aHydrogen atom _927437 |
||
| 650 |
_aIons _917672 |
||
| 942 | _cBK | ||
| 999 |
_c15066 _d15066 |
||